000 01222nam0a2200289 4500
001 RU\NLR\bibl\152055
005 20240726035645.0
020 _aRU-6536
_9Летопись авторефератов диссертаций
021 _aRU
_b98-07908a
035 _a(NLR Aleph) 000149061
090 _a855077
_c855077
100 _a20000615d1997 u u0rusy50 ca
101 0 _arus
102 _aRU
105 _ay dm |||||
200 1 _aПроблема судьбы в контексте русской культуры
_e(на материале рус. религ. философии)
_eАвтореф. дис. на соиск. учен. степ. к.филос.н.
_eСпец. 09.00.13
_f[Сев.-Кавк. науч. центр высш. шк.]
210 _aРостов н/Д
_d1997
215 _a26 с.
_d20
320 _aБиблиогр.: с. 25-26 (5 назв.) и в подстроч. примеч.
610 0 _aФилософские науки
686 _a09.00.13
_2oksvnk
700 1 _aМатецкая
_bА. В.
_gАнастасия Витальевна
801 0 _aRU
_bRKP
_c20000615
_gPSBO
801 1 _aRU
_bRKP
_c20000615
801 2 _aRU
_bNLR
_c20010517
_grcr
852 _aNLR
_jА98/7908
942 _cBOOK